000 01099nam a2200337Ia 4500
001 Z_5613
003 CHAP
008 220113s2008 xx 000 0 und d
010 _a168709
040 _cCHAP
090 _aTesis M 2059
100 _aMarroquín Mimila, Elizabeth
_971564
245 _aDiagnóstico del estado mineral de cuatro explotaciones ovinas en la zona cebadera del estado de Hidalgo /
_cElizabeth Marroquín Mimila y Emilio Rodríguez Morales
260 _aChapingo, Méx. :
_bEl autor,
_c2008
300 _a96 h.
502 _aTesis (Ing. Agr. Esp. en Zootecnia) -- UACH. Departamento de Zootecnia
650 _aAgua de lluvia
_92412
650 _aCorrales
_928195
650 _aForrajes
_xElementos minerales
_942570
650 _aGanado lanar
_xHidalgo
_945184
650 _aGanado lanar
_xPastoreo
_945209
650 _aGanado lanar
_xRazas
_945218
650 _aSuelos
_xElementos minerales
_9110356
700 _aRodríguez Morales, Emilio
_998720
901 _aTESIS M 2059
902 _aM
910 _a2008
942 _c2
942 _c2
999 _c168709
_d168709